000
00236nam a2200097Ia 4500
008
120527s9999 xx 000 0 und d
100
_a
NELSON,H.Robert.
245
_a
Reaching for heaven opn earth.
260
_b
Little-field
942
_c
BK
999
_c
23975
_d
23975